000 01828nam a2200253Ia 4500
008 260220t1986||||xx |||||||||||||| ||spa||
040 _aPY-SlUNAC
_bspa
_erda
041 _aspa
082 _a612
_bG989t
100 _aGuyton, Arthur C.
_eAutor
245 0 _aTratado de fisiología médica /
_cpor Arthur C. Guyton [Autor]
250 _aSéptima edición
264 _aCiudad de México :
_bMcGraw-Hill,
_c℗1986.
300 _a1 volumen
520 _aEl "Tratado de fisiología médica" de Arthur C. Guyton es una obra fundamental que aborda los principios esenciales de la fisiología humana. A través de un enfoque integrador, el autor explora los mecanismos que regulan las funciones corporales, desde el nivel celular hasta los sistemas de órganos, destacando la interrelación entre ellos. La obra se caracteriza por su claridad y profundidad, facilitando la comprensión de conceptos complejos mediante ilustraciones y explicaciones detalladas. Guyton introduce temas clave como la homeostasis, la función cardiovascular, el sistema nervioso y la endocrinología, proporcionando un contexto clínico que vincula la teoría con la práctica médica. Además, incluye actualizaciones sobre investigaciones recientes y sus implicaciones en la salud y la enfermedad. Este tratado es una herramienta invaluable para estudiantes y profesionales de la medicina, al ofrecer una base sólida para la comprensión de la fisiología y su aplicación en la práctica clínica. Su legado perdura como un referente en la educación médica y la investigación científica.
653 _aFisiología
653 _aMedicina
653 _aSalud pública
942 _b2026/02/17
_cBK
999 _c8419
_d8419